El símbolo perdido /
El experto en simbología Langdon es convocado inesperadamente por Peter Solomon filántropo y su antiguo mentor para dar una conferencia en el Capitolio, pero el secuestro de Peter y el hallazgo de una mano tatuada con cinco enigmáticos símbolos cambian drásticamente el curso de los acontecimientos a...
| Autore principale: | |
|---|---|
| Natura: | Libro |
| Lingua: | Spanish English |
| Pubblicazione: |
[Lugar de publicación no identificado]:
[Nombre de editor no identificado],
[Fecha de publicación no identificada].
|
| Edizione: | Primera edición. |
| Soggetti: |
MARC
| LEADER | 00000cam a2200000 i 4500 | ||
|---|---|---|---|
| 003 | Ucuenca | ||
| 005 | 20230608150452.0 | ||
| 006 | a||||gr|||| 001 | | ||
| 007 | ta | ||
| 008 | 190123s xxu gr|||| 001 | spa a | ||
| 040 | |b spa | ||
| 041 | 1 | |a spa |h eng | |
| 082 | 0 | |2 22 |a 863 |c 257372 | |
| 100 | 1 | |a Brown, Daniel James. |d 1964- |9 232397 |e autor | |
| 245 | 1 | 3 | |a El símbolo perdido / |c Dan Brown, traductores Claudia Conde, María José Díez y Alexis Montoto. |
| 250 | |a Primera edición. | ||
| 264 | 1 | |a [Lugar de publicación no identificado]: |b [Nombre de editor no identificado], |c [Fecha de publicación no identificada]. | |
| 300 | |a 616 páginas: |c 21 cm | ||
| 336 | |2 rdacontent |a texto |b txt | ||
| 337 | |2 rdamedia |a no mediado |b n | ||
| 338 | |2 rdacarrier |a volumen |b nc | ||
| 520 | 3 | |a El experto en simbología Langdon es convocado inesperadamente por Peter Solomon filántropo y su antiguo mentor para dar una conferencia en el Capitolio, pero el secuestro de Peter y el hallazgo de una mano tatuada con cinco enigmáticos símbolos cambian drásticamente el curso de los acontecimientos atrapado entre las exigencias de una mente perturbada y la investigación oficial Longdon se ve inmerso en un mundo clandestino de secretos masónicos historia oculta y escenarios nunca antes vistos que parecen arrastrarlo hacia una sencilla pero inconcebible verdad con la ayuda de la hermana de Peter y experta en ciencia noéticas Longdon tiene 12 horas para salvar a su amigo y al mismo tiempo evitar que uno de los secretos mejor guardados de nuestra historia caiga en la manos equivocadas | |
| 650 | 1 | 7 | |a Novela norteamericana |9 24753 |
| 650 | 1 | 7 | |a Literatura norteamericana |9 1591 |
| 942 | |c BK |2 ddc |r bladimir.cabrerar@ucuenca.edu.ec | ||
| 999 | |c 156740 |d 156740 | ||